Theological turning points : (Record no. 41470)
[ view plain ]
| 000 -LEADER | |
|---|---|
| fixed length control field | 00787cam a2200265 a 4500 |
| 001 - CONTROL NUMBER | |
| control field | 287467 |
| 003 - CONTROL NUMBER IDENTIFIER | |
| control field | OSt |
| 005 - DATE AND TIME OF LATEST TRANSACTION | |
| control field | 20180419105504.0 |
| 008 - FIXED-LENGTH DATA ELEMENTS--GENERAL INFORMATION | |
| fixed length control field | 890620s1988 gau b 00110 eng |
| 010 ## - LIBRARY OF CONGRESS CONTROL NUMBER | |
| LC control number | 88045432 |
| 020 ## - INTERNATIONAL STANDARD BOOK NUMBER | |
| International Standard Book Number | 080420702X : |
| Terms of availability | $15.95 |
| 035 ## - SYSTEM CONTROL NUMBER | |
| System control number | (CStRLIN)NJPT89-B3609 |
| 035 ## - SYSTEM CONTROL NUMBER | |
| System control number | (OCoLC)ocm17983318 |
| 050 0# - LIBRARY OF CONGRESS CALL NUMBER | |
| Classification number | BT21.2 |
| Item number | .M19 1988 |
| 082 0# - DEWEY DECIMAL CLASSIFICATION NUMBER | |
| Classification number | 230/.09 |
| Edition number | 19 |
| 090 ## - LOCALLY ASSIGNED LC-TYPE CALL NUMBER (OCLC); LOCAL CALL NUMBER (OCLC) | |
| Classification number (OCLC) (R) ; Classification number, CALL (RLIN) (NR) | BT21.2 |
| Local cutter number (OCLC) ; Book number/undivided call number, CALL (RLIN) | .M19 1988 |
| 100 10 - MAIN ENTRY--PERSONAL NAME | |
| Personal name | McKim, Donald K. |
| 245 10 - TITLE STATEMENT | |
| Title | Theological turning points : |
| Remainder of title | major issues in Christian thought / |
| Statement of responsibility, etc | Donald K. McKim. |
| 260 0# - PUBLICATION, DISTRIBUTION, ETC. (IMPRINT) | |
| Place of publication, distribution, etc | Atlanta : |
| Name of publisher, distributor, etc | John Knox Press, |
| Date of publication, distribution, etc | c1988. |
| 300 ## - PHYSICAL DESCRIPTION | |
| Extent | vii, 211 p. ; |
| Dimensions | 23 cm. |
| 500 ## - GENERAL NOTE | |
| General note | Includes index. |
| 504 ## - BIBLIOGRAPHY, ETC. NOTE | |
| Bibliography, etc | Bibliography: p. [205]-207. |
| 650 #0 - SUBJECT ADDED ENTRY--TOPICAL TERM | |
| Topical term or geographic name as entry element | Theology, Doctrinal |
| General subdivision | History. |
| 942 ## - ADDED ENTRY ELEMENTS (KOHA) | |
| Source of classification or shelving scheme | Library of Congress Classification |
No items available.
